Estatísticas para Números de 1 a 40 em 15 segundos

Clique aqui para jogar o quiz

Estatísticas Gerais

  • Esse quiz foi jogado 1 161 vezes
  • A pontuação média é 22 de 40

Estatísticas das Respostas

Resposta% Correto
1
100%
2
99%
3
97%
4
97%
5
95%
6
93%
7
91%
8
90%
9
89%
11
84%
12
83%
10
82%
13
79%
14
78%
15
76%
16
73%
17
70%
18
70%
19
66%
20
61%
21
59%
22
57%
23
50%
24
45%
25
43%
26
40%
27
36%
28
34%
29
30%
30
22%
31
21%
32
19%
33
17%
34
14%
35
11%
36
9%
37
6%
38
6%
39
6%
40
5%

Distribuição das Pontuações

Percentil de Números Respondidos

Porcentagem de Pessoas com Cada Pontuação

Sua Pontuação Histórica

Você não jogou esse quiz